عرض عادي عرض مارك
  • الملا، نوار سعد محمود

مدخل إسم شخص

عدد التسجيلات المستخدمة في: 1

001 - رقم الضبط

  • حقل الضبط: 12739

003 - معرف رقم الضبط

  • حقل الضبط: OSt

005 - تاريخ ووقت أخر عملية

  • حقل الضبط: 20120508162606.0

008 - عناصر بيانات ثابتة الطول

  • حقل تحكم ثابت الطول: 120508|||a|||||| | ||| d

040 ## - مصدر الفهرسة

  • هيئة الفهرسة الأصلية: OSt
  • وكالة الكتابة: OSt

100 ## - مدخل -- أسم شخص

  • إسم شخص: الملا، نوار سعد محمود

670 ## - بيانات المصدر موجوده

  • الاستشهاد بالمصدر: Work cat.: (OSt): الملا، نوار سعد محمود, العراق بين العهدين الملكي والجمهوري 1920-2003 /, 2011